বঙ্গবন্ধুর ৭মার্চের ভাষণ : (Record no. 6547)
[ view plain ]
| 000 -LEADER | |
|---|---|
| fixed length control field | 00993nam a22002057a 4500 |
| 003 - CONTROL NUMBER IDENTIFIER | |
| control field | BUBTL |
| 008 - FIXED-LENGTH DATA ELEMENTS--GENERAL INFORMATION | |
| fixed length control field | 210929b ||||| |||| 00| 0 eng d |
| 020 ## - INTERNATIONAL STANDARD BOOK NUMBER | |
| International Standard Book Number | 9789848143766 |
| 082 ## - DEWEY DECIMAL CLASSIFICATION NUMBER | |
| Classification number | 954.92 / R1864b 2021 |
| 100 ## - MAIN ENTRY--PERSONAL NAME | |
| 9 (RLIN) | 4233 |
| Personal name | রতন, মোজাম্মেল হোসেন |
| 245 ## - TITLE STATEMENT | |
| Title | বঙ্গবন্ধুর ৭মার্চের ভাষণ : |
| Remainder of title | প্রতিটি বাক্যের তাৎপর্যপূর্ণ বিশ্লেষণ / |
| Statement of responsibility, etc. | মোজাম্মেল হোসেন রতন |
| 250 ## - EDITION STATEMENT | |
| Edition statement | 1st ed |
| 260 ## - PUBLICATION, DISTRIBUTION, ETC. (IMPRINT) | |
| Place of publication, distribution, etc. | ঢাকা : |
| Name of publisher, distributor, etc. | পালক পাবলিশার্স, |
| Date of publication, distribution, etc. | c2021. |
| 300 ## - PHYSICAL DESCRIPTION | |
| Extent | 128 p. : |
| Dimensions | 24 cm. |
| 505 ## - FORMATTED CONTENTS NOTE | |
| Formatted contents note | Bangabandhu, 7 march, Vason, Meaning and Analysis, Tatporjopurna, Bishleshon, তাৎপর্যপূর্ণ, বিশ্লেষণ, ভাষণ |
| 650 #0 - SUBJECT ADDED ENTRY--TOPICAL TERM | |
| 9 (RLIN) | 3574 |
| Topical term or geographic name as entry element | বঙ্গবন্ধু |
| 856 ## - ELECTRONIC LOCATION AND ACCESS | |
| Password | 0 |
| Logon | 0 |
| Link text | Download |
| 942 ## - ADDED ENTRY ELEMENTS (KOHA) | |
| Source of classification or shelving scheme | |
| Koha item type | Books |
| Withdrawn status | Lost status | Source of classification or shelving scheme | Damaged status | Not for loan | Collection code | Permanent location | Current location | Shelving location | Date acquired | Source of acquisition | Inventory number | Total Checkouts | Full call number | Barcode | Date last seen | Date last checked out | Copy number | Price effective from | Koha item type |
|---|---|---|---|---|---|---|---|---|---|---|---|---|---|---|---|---|---|---|---|
| Non-fiction | Bangladesh University of Business and Technology Library | Bangladesh University of Business and Technology Library | Historical Books | 09/22/2021 | Purchase | 28025 | 1 | 954.92 / R1864b 2021 | BUBTL-200328025 | 03/04/2024 | 03/04/2024 | C-1 | 09/29/2021 | Books |
